[Event "2. Rethymno Open"]
[Site "Rethymno GRE"]
[Date "2010.07.18"]
[Round "7.21"]
[White "Romsdal, Trond"]
[Black "Kekki, Petri"]
[Result "0-1"]
[WhiteElo "2164"]
[BlackElo "2371"]
[PlyCount "56"]
[EventDate "2010.07.13"]
[EventType "swiss"]
[EventRounds "9"]
[EventCountry "GRE"]
[Source "lmi"]
[SourceDate "2010.07.13"]

1. Nf3 Nf6 2. c4 g6 3. Nc3 d5 4. d4 Bg7 5. e3 O-O 6. b3 c5 7. cxd5 cxd4 8. Nxd4
Nxd5 9. Bb2 Nxc3 10. Bxc3 Nc6 11. Bc4 Nxd4 12. Bxd4 Qa5+ 13. Kf1 e5 14. Bb2 Bf5
15. Qe1 Qb6 16. f3 Rac8 17. Bc3 Be6 18. Bxe6 Qxe6 19. Rc1 Rfd8 20. Kf2 Rd3 21.
Bd2 Rcd8 22. Rc2 e4 23. Qe2 exf3 24. gxf3 Qh3 25. Bc1 Bf6 26. Qf1 Bh4+ 27. Ke2
Qf5 28. Rc4 Rd2+ 0-1

[Event "2. Rethymno Open"]
[Site "Rethymno GRE"]
[Date "2010.07.18"]
[Round "7.22"]
[White "Vuilleumier, Alexandre"]
[Black "Makka, Ioulia"]
[Result "1-0"]
[WhiteElo "2361"]
[BlackElo "2175"]
[PlyCount "109"]
[EventDate "2010.07.13"]
[EventType "swiss"]
[EventRounds "9"]
[EventCountry "GRE"]
[Source "lmi"]
[SourceDate "2010.07.13"]

1. d4 Nf6 2. Nf3 e6 3. c4 b6 4. e3 Bb7 5. Bd3 d5 6. O-O Bd6 7. b3 O-O 8. Bb2
Nbd7 9. Ne5 dxc4 10. Nxc4 Be7 11. Nbd2 Re8 12. e4 Nc5 13. dxc5 Qxd3 14. Ne5 Qd8
15. c6 Ba6 16. Re1 Bb4 17. Nef3 Bb5 18. Rc1 a5 19. a4 Ba6 20. Bc3 Bc5 21. Ne5
Qe7 22. Qc2 Rad8 23. Ndf3 h6 24. Bd2 Bb4 25. Re3 Bxd2 26. Nxd2 Qb4 27. Ndf3 Nh7
28. h4 Rd6 29. Nxf7 Kxf7 30. e5 Rd3 31. Rxd3 Bxd3 32. Qxd3 Nf8 33. Rc4 Qa3 34.
h5 Kg8 35. Kh2 Qe7 36. Rd4 Qf7 37. g4 g6 38. Qe3 Kg7 39. Rf4 Qe7 40. Rf6 Qb4
41. Kg3 Rd8 42. g5 gxh5 43. gxh6+ Kh8 44. Qg5 Qg4+ 45. Qxg4 hxg4 46. Ng5 Rd3+
47. Kxg4 Nh7 48. Nxh7 Kxh7 49. Kg5 Rd1 50. Rf7+ Kh8 51. Rxc7 Rg1+ 52. Kf6 Rh1
53. Kxe6 Rxh6+ 54. Kd5 Rh2 55. Rf7 1-0

[Event "2. Rethymno Open"]
[Site "Rethymno GRE"]
[Date "2010.07.18"]
[Round "7.23"]
[White "Lorscheid, Gerhard"]
[Black "Marountas, Ioannis"]
[Result "1-0"]
[WhiteElo "2326"]
[BlackElo "2167"]
[PlyCount "81"]
[EventDate "2010.07.13"]
[EventType "swiss"]
[EventRounds "9"]
[EventCountry "GRE"]
[Source "lmi"]
[SourceDate "2010.07.13"]

1. d4 Nf6 2. c4 g6 3. Nc3 Bg7 4. e4 d6 5. f3 O-O 6. Nge2 c5 7. d5 e6 8. Ng3
exd5 9. cxd5 a6 10. a4 Nbd7 11. Be2 Ne5 12. O-O h5 13. h3 h4 14. Nh1 c4 15. Be3
Bd7 16. Nf2 b5 17. f4 Nd3 18. Nxd3 cxd3 19. Qxd3 b4 20. Nd1 Re8 21. Bf3 Qe7 22.
e5 Bf5 23. exf6 Bxd3 24. fxe7 Bxf1 25. Kxf1 Rxe7 26. Rc1 Bxb2 27. Rc6 Bg7 28.
Rxd6 Rb8 29. Rxa6 b3 30. Rb6 Reb7 31. a5 b2 32. Nxb2 Bxb2 33. d6 Rxb6 34. Bxb6
Bf6 35. Bc7 Rb1+ 36. Ke2 Rb2+ 37. Kd3 Rb3+ 38. Kc4 Rc3+ 39. Kb4 Rd3 40. a6 Bd4
41. Kc4 1-0

[Event "2. Rethymno Open"]
[Site "Rethymno GRE"]
[Date "2010.07.18"]
[Round "7.25"]
[White "Kleinert, Juergen"]
[Black "Tchantcev, Chaliko"]
[Result "1/2-1/2"]
[WhiteElo "1992"]
[BlackElo "2284"]
[PlyCount "103"]
[EventDate "2010.07.13"]
[EventType "swiss"]
[EventRounds "9"]
[EventCountry "GRE"]
[Source "lmi"]
[SourceDate "2010.07.13"]

1. e4 e6 2. d4 c5 3. d5 exd5 4. exd5 d6 5. c4 Nf6 6. Nc3 Be7 7. Bd3 O-O 8. h3
Re8 9. Be3 a6 10. a4 b6 11. Qc2 Nbd7 12. Nf3 Bf8 13. O-O Ra7 14. Bg5 h6 15. Bh4
Ne5 16. Nxe5 Rxe5 17. Ne4 g5 18. Nxf6+ Qxf6 19. f4 Re8 20. fxg5 Qd8 21. g6 Qxh4
22. gxf7+ Rxf7 23. Rxf7 Bg7 24. Raf1 Kh8 25. Bf5 Bxf5 26. Qxf5 Qxc4 27. Kh1 Qd4
28. Qg6 Rg8 29. R1f6 Qe3 30. Rxg7 Qe1+ 31. Kh2 Qe5+ 32. Qg3 Rxg7 33. Rxh6+ Kg8
34. Qxe5 dxe5 35. Re6 Rg5 36. Rxb6 e4 37. Rxa6 Rxd5 38. Re6 Rd4 39. a5 Ra4 40.
a6 Kf7 41. Re5 Kf6 42. Rxc5 Rxa6 43. Rb5 Ra1 44. Kg3 Rf1 45. Rc5 e3 46. Rc2 Ke5
47. Rc8 Ke4 48. Re8+ Kd3 49. Rd8+ Ke4 50. Re8+ Kd3 51. Rd8+ Ke4 52. Re8+
1/2-1/2

[Event "2. Rethymno Open"]
[Site "Rethymno GRE"]
[Date "2010.07.18"]
[Round "7.26"]
[White "Paulet, Iozefina"]
[Black "Hristodoulou, Panagiotis"]
[Result "1-0"]
[WhiteElo "2261"]
[BlackElo "2149"]
[PlyCount "81"]
[EventDate "2010.07.13"]
[EventType "swiss"]
[EventRounds "9"]
[EventCountry "GRE"]
[Source "lmi"]
[SourceDate "2010.07.13"]

1. e4 Nf6 2. e5 Nd5 3. d4 d6 4. c4 Nb6 5. exd6 exd6 6. Nf3 Bg4 7. Be3 Nc6 8.
Nbd2 Be7 9. Bd3 Bf6 10. Qb3 O-O 11. a3 Re8 12. O-O-O Bh5 13. h4 Bg6 14. Bxg6
hxg6 15. h5 g5 16. Qc2 g4 17. Nh2 Bxd4 18. Nxg4 Bxe3 19. Nxe3 d5 20. Nf3 d4 21.
Nf5 Qf6 22. N3xd4 Re5 23. Ne3 Rae8 24. Nxc6 Qxc6 25. h6 g6 26. Ng4 Rf5 27. h7+
Kg7 28. Qc3+ f6 29. f3 Nxc4 30. Kb1 Nd6 31. Qd2 g5 32. Nxf6 Rh8 33. Nh5+ Kf7
34. Ng3 Re5 35. f4 Ne4 36. Qd7+ Qxd7 37. Rxd7+ Ke6 38. Nxe4 Rxe4 39. Rg7 Rxf4
40. Rg8 Rf8 41. Rxf8 1-0

[Event "2. Rethymno Open"]
[Site "Rethymno GRE"]
[Date "2010.07.18"]
[Round "7.28"]
[White "Markidis, Konstantinos"]
[Black "Kudriashova, Irina"]
[Result "1-0"]
[WhiteElo "2342"]
[BlackElo "2120"]
[PlyCount "47"]
[EventDate "2010.07.13"]
[EventType "swiss"]
[EventRounds "9"]
[EventCountry "GRE"]
[Source "lmi"]
[SourceDate "2010.07.13"]

1. e4 c6 2. d4 d5 3. e5 c5 4. c4 cxd4 5. Nf3 Nc6 6. Nxd4 e6 7. Nc3 Bb4 8. Nxc6
bxc6 9. Bd3 Qa5 10. O-O Bxc3 11. bxc3 Qxc3 12. Rb1 Ne7 13. Rb3 Qd4 14. Bb2 Qh4
15. g3 Qh3 16. Ba3 f5 17. exf6 gxf6 18. Qf3 f5 19. Qf4 Qh5 20. Qc7 Qf7 21. Bxe7
Bd7 22. Bd6 Rd8 23. Rb8 Qf6 24. Be5 1-0

[Event "2. Rethymno Open"]
[Site "Rethymno GRE"]
[Date "2010.07.19"]
[Round "8.1"]
[White "Sargissian, Gabriel"]
[Black "Postny, Evgeny"]
[Result "1-0"]
[WhiteElo "2673"]
[BlackElo "2577"]
[PlyCount "63"]
[EventDate "2010.07.13"]
[EventType "swiss"]
[EventRounds "9"]
[EventCountry "GRE"]
[Source "lmi"]
[SourceDate "2010.07.13"]

1. d4 d5 2. c4 c6 3. Nc3 Nf6 4. e3 a6 5. Nf3 b5 6. c5 Nbd7 7. a3 Qc7 8. b4 e5
9. dxe5 Nxe5 10. Nxe5 Qxe5 11. Bb2 Ne4 12. Qc2 Nxc3 13. Bxc3 Qg5 14. h4 Qg4 15.
a4 Bf5 16. Qe2 Rc8 17. Qxg4 Bxg4 18. axb5 axb5 19. h5 h6 20. Bd3 Rg8 21. f3 Be6
22. Ra7 Be7 23. Kd2 f5 24. g3 Rd8 25. g4 fxg4 26. fxg4 Rd7 27. Ra6 Rc7 28. Bxb5
d4 29. Bxd4 Bd5 30. e4 Bxe4 31. Re1 Bd5 32. Bd3 1-0

[Event "2. Rethymno Open"]
[Site "Rethymno GRE"]
[Date "2010.07.19"]
[Round "8.2"]
[White "Turov, Maxim"]
[Black "Khotenashvili, Bela"]
[Result "0-1"]
[WhiteElo "2628"]
[BlackElo "2423"]
[PlyCount "52"]
[EventDate "2010.07.13"]
[EventType "swiss"]
[EventRounds "9"]
[EventCountry "GRE"]
[Source "lmi"]
[SourceDate "2010.07.13"]

1. d4 d5 2. c4 e6 3. Nc3 Bb4 4. a3 Bxc3+ 5. bxc3 c5 6. e3 Ne7 7. cxd5 exd5 8.
a4 Nbc6 9. Ba3 c4 10. f3 O-O 11. Kf2 Re8 12. g4 f5 13. g5 f4 14. e4 Ng6 15. h4
Nxh4 16. Rxh4 Qxg5 17. Rh3 Bxh3 18. Bxh3 dxe4 19. Bg2 exf3 20. Qxf3 Kh8 21. Kf1
Re3 22. Qd5 Qg3 23. Nf3 Re2 24. Kxe2 Qxg2+ 25. Kd1 Re8 26. Rb1 Re2 0-1

[Event "2. Rethymno Open"]
[Site "Rethymno GRE"]
[Date "2010.07.19"]
[Round "8.3"]
[White "Kharitonov, Alexandr"]
[Black "Iordachescu, Viorel"]
[Result "1/2-1/2"]
[WhiteElo "2548"]
[BlackElo "2623"]
[PlyCount "114"]
[EventDate "2010.07.13"]
[EventType "swiss"]
[EventRounds "9"]
[EventCountry "GRE"]
[Source "lmi"]
[SourceDate "2010.07.13"]

1. d4 Nf6 2. c4 e6 3. Nc3 Bb4 4. e3 O-O 5. Bd3 d5 6. Nge2 dxc4 7. Bxc4 c5 8. a3
Bxc3+ 9. Nxc3 cxd4 10. exd4 Nc6 11. Be3 b6 12. O-O Bb7 13. Qd3 Qd6 14. f3 Rfd8
15. Rfd1 h6 16. Rac1 Qf8 17. Qe2 Ne7 18. Bf4 Nfd5 19. Be5 Nxc3 20. Rxc3 Rac8
21. Rcc1 Nc6 22. Kh1 Nxe5 23. Qxe5 Rd7 24. Bb3 Rxc1 25. Rxc1 Qd8 26. Rd1 Bd5
27. Bc2 Rc7 28. Qe2 Qc8 29. Rd2 Rc6 30. Kg1 Qc7 31. h3 f5 32. Kf2 Kf7 33. Qd3
Qd8 34. Bb3 Qh4+ 35. Kf1 Rd6 36. Bxd5 Rxd5 37. Qe3 a5 38. Ke2 Qg3 39. Kd1 Qd6
40. f4 a4 41. g4 b5 42. Ke2 Qc7 43. Kf3 fxg4+ 44. hxg4 h5 45. gxh5 Qc4 46. Qd3
Qc1 47. Kg2 Rf5 48. Qe3 Qc4 49. Re2 Qd5+ 50. Kg3 Qd6 51. Kh3 Rd5 52. Rd2 b4 53.
Rd3 bxa3 54. bxa3 Rb5 55. Qe4 Qd7 56. Qh7 Qd5 57. Rc3 Qd7 1/2-1/2

[Event "2. Rethymno Open"]
[Site "Rethymno GRE"]
[Date "2010.07.19"]
[Round "8.4"]
[White "Zinchenko, Yaroslav"]
[Black "Kryvoruchko, Yuriy"]
[Result "1/2-1/2"]
[WhiteElo "2544"]
[BlackElo "2609"]
[PlyCount "118"]
[EventDate "2010.07.13"]
[EventType "swiss"]
[EventRounds "9"]
[EventCountry "GRE"]
[Source "lmi"]
[SourceDate "2010.07.13"]

1. e4 e5 2. Nf3 Nc6 3. Bb5 Nf6 4. O-O Nxe4 5. Re1 Nd6 6. Nxe5 Be7 7. Bf1 Nxe5
8. Rxe5 O-O 9. Nc3 Bf6 10. Re1 Nf5 11. Nd5 c6 12. Nxf6+ Qxf6 13. c3 d5 14. d4
Nd6 15. Qh5 h6 16. g3 Bf5 17. Bf4 Ne4 18. f3 Ng5 19. Be5 Qg6 20. Qxg6 Bxg6 21.
Kf2 f6 22. Bd6 Rfe8 23. h4 Nf7 24. Be7 Bf5 25. g4 Bd7 26. Kg3 Nd8 27. Bd3 Ne6
28. Ba3 Kf7 29. h5 Nf8 30. Bc5 a6 31. a4 Rxe1 32. Rxe1 Re8 33. Rd1 Re3 34. Kf4
Re8 35. b4 b5 36. axb5 cxb5 37. Kg3 Bc8 38. Kf2 Bd7 39. Ra1 Bc8 40. Rg1 g5 41.
hxg6+ Nxg6 42. Rh1 Nf4 43. Bf1 Kg7 44. Bd6 Ne6 45. Bd3 Ng5 46. Bf4 Bd7 47. Bd2
Bc8 48. Kg3 Bd7 49. Rh5 Be6 50. f4 Nf7 51. Rh1 Bc8 52. Rh5 Be6 53. Kf3 Rc8 54.
Bb1 Rd8 55. Ba2 Rd6 56. Bb3 Rd8 57. Bc2 Rh8 58. Bb3 Rd8 59. Bc2 Rh8 1/2-1/2

[Event "2. Rethymno Open"]
[Site "Rethymno GRE"]
[Date "2010.07.19"]
[Round "8.8"]
[White "Borovikov, Vladislav"]
[Black "Lorscheid, Gerhard"]
[Result "1-0"]
[WhiteElo "2601"]
[BlackElo "2326"]
[PlyCount "23"]
[EventDate "2010.07.13"]
[EventType "swiss"]
[EventRounds "9"]
[EventCountry "GRE"]
[Source "lmi"]
[SourceDate "2010.07.13"]

1. d4 Nf6 2. Nf3 g6 3. c4 Bg7 4. g3 c6 5. Bg2 d5 6. Qb3 O-O 7. O-O Ne4 8. Nc3
b6 9. Ne5 dxc4 10. Qxc4 Ba6 11. Qb3 Qxd4 12. Nf3 1-0

[Event "2. Rethymno Open"]
[Site "Rethymno GRE"]
[Date "2010.07.19"]
[Round "8.11"]
[White "Turova, Irina"]
[Black "Rychagov, Andrey"]
[Result "1/2-1/2"]
[WhiteElo "2394"]
[BlackElo "2538"]
[PlyCount "27"]
[EventDate "2010.07.13"]
[EventType "swiss"]
[EventRounds "9"]
[EventCountry "GRE"]
[Source "lmi"]
[SourceDate "2010.07.13"]

1. d4 Nf6 2. c4 c5 3. d5 e5 4. Nc3 d6 5. e4 Be7 6. g3 O-O 7. Bg2 Nbd7 8. Nge2
Ne8 9. O-O a6 10. a4 b6 11. f4 Rb8 12. Bh3 exf4 13. gxf4 Bf6 14. Qd3 1/2-1/2

[Event "2. Rethymno Open"]
[Site "Rethymno GRE"]
[Date "2010.07.19"]
[Round "8.12"]
[White "Prasanna, Rao"]
[Black "Tukhaev, Adam"]
[Result "1/2-1/2"]
[WhiteElo "2373"]
[BlackElo "2518"]
[PlyCount "39"]
[EventDate "2010.07.13"]
[EventType "swiss"]
[EventRounds "9"]
[EventCountry "GRE"]
[Source "lmi"]
[SourceDate "2010.07.13"]

1. e4 c6 2. d4 d5 3. e5 Bf5 4. Nd2 e6 5. Nb3 Nd7 6. Nf3 Bg6 7. Be2 Nh6 8. O-O
Nf5 9. Bd2 Be7 10. c4 dxc4 11. Na5 Nb6 12. Nxb7 Qc7 13. Na5 Rd8 14. Bc3 c5 15.
Nxc4 O-O 16. Nxb6 axb6 17. Qa4 cxd4 18. Nxd4 Qxe5 19. Nxf5 Qxf5 20. Qb3 1/2-1/2

[Event "2. Rethymno Open"]
[Site "Rethymno GRE"]
[Date "2010.07.19"]
[Round "8.14"]
[White "Rombaldoni, Denis"]
[Black "Vuilleumier, Alexandre"]
[Result "1-0"]
[WhiteElo "2493"]
[BlackElo "2361"]
[PlyCount "77"]
[EventDate "2010.07.13"]
[EventType "swiss"]
[EventRounds "9"]
[EventCountry "GRE"]
[Source "lmi"]
[SourceDate "2010.07.13"]

1. d4 Nf6 2. c4 e6 3. Nf3 c5 4. d5 exd5 5. cxd5 d6 6. Nc3 g6 7. e4 Bg7 8. Bg5
a6 9. Nd2 b5 10. Be2 O-O 11. Qc2 Re8 12. O-O h6 13. Bh4 g5 14. Bg3 b4 15. Na4
Bd7 16. Bd3 Bb5 17. a3 Nh5 18. axb4 cxb4 19. Nc5 Nxg3 20. hxg3 Qb6 21. Bxb5
Qxb5 22. Ncb3 Nd7 23. Ra5 Rec8 24. Qb1 Qb6 25. Rc1 Bd4 26. Nxd4 Qxd4 27. Nf3
Qb6 28. Ra1 a5 29. Qd3 a4 30. Nd4 Ne5 31. Rxc8+ Rxc8 32. Qd1 Rc4 33. Nf5 Rxe4
34. Nxh6+ Kf8 35. Qc2 Rc4 36. Qh7 Qd8 37. Rxa4 Qc8 38. Qh8+ Ke7 39. Ra7+ 1-0

[Event "2. Rethymno Open"]
[Site "Rethymno GRE"]
[Date "2010.07.19"]
[Round "8.16"]
[White "Vorobiov, Evgeny E"]
[Black "Paulet, Iozefina"]
[Result "1-0"]
[WhiteElo "2592"]
[BlackElo "2261"]
[PlyCount "95"]
[EventDate "2010.07.13"]
[EventType "swiss"]
[EventRounds "9"]
[EventCountry "GRE"]
[Source "lmi"]
[SourceDate "2010.07.13"]

1. d4 Nf6 2. c4 g6 3. Nc3 Bg7 4. e4 d6 5. Be2 O-O 6. Bg5 Na6 7. Nf3 e5 8. Qd2
Qe8 9. d5 Nc5 10. Bxf6 Bxf6 11. b4 Na6 12. Rb1 Bd8 13. O-O f5 14. Rfe1 f4 15.
h3 Rf7 16. c5 dxc5 17. Bxa6 bxa6 18. bxc5 g5 19. d6 c6 20. Nd5 g4 21. hxg4 Bxg4
22. Ne7+ Bxe7 23. Nxe5 Rg7 24. Nxg4 Rxg4 25. f3 Rg6 26. dxe7 Qxe7 27. Qxf4
Qxc5+ 28. Qe3 Qe7 29. Re2 Rf8 30. Reb2 Qe5 31. Rb7 Kh8 32. Qf2 Rfg8 33. Qb2
Rxg2+ 34. Qxg2 Rxg2+ 35. Kxg2 Qg5+ 36. Kf1 Qf4 37. Ke2 Qh2+ 38. Ke3 c5 39. Rd7
Qh6+ 40. Ke2 Qh2+ 41. Ke3 Qh6+ 42. Kd3 Qf4 43. Kc4 h5 44. Rbb7 Qc1+ 45. Kd5
Qg5+ 46. e5 Qg8+ 47. e6 c4 48. Rh7+ 1-0

[Event "2. Rethymno Open"]
[Site "Rethymno GRE"]
[Date "2010.07.19"]
[Round "8.17"]
[White "Schut, Lisa"]
[Black "Werle, Jan"]
[Result "0-1"]
[WhiteElo "2286"]
[BlackElo "2585"]
[PlyCount "64"]
[EventDate "2010.07.13"]
[EventType "swiss"]
[EventRounds "9"]
[EventCountry "GRE"]
[Source "lmi"]
[SourceDate "2010.07.13"]

1. e4 e5 2. Nf3 Nc6 3. Bb5 a6 4. Ba4 Nf6 5. O-O Be7 6. Re1 b5 7. Bb3 d6 8. c3
O-O 9. h3 Na5 10. Bc2 c5 11. d4 Qc7 12. Nbd2 Bd7 13. d5 g6 14. b4 cxb4 15. cxb4
Rfc8 16. Bb3 Nxb3 17. axb3 Qc2 18. Qxc2 Rxc2 19. Nf1 Nh5 20. g4 Ng7 21. Bg5 f6
22. Rec1 Rxc1 23. Bxc1 f5 24. gxf5 gxf5 25. Kh2 fxe4 26. Bg5 exf3 27. Bxe7 Nf5
28. Bg5 Kf7 29. Nd2 h6 30. Be3 Rc8 31. Ne4 Rc2 32. Rc1 Nxe3 0-1

[Event "2. Rethymno Open"]
[Site "Rethymno GRE"]
[Date "2010.07.19"]
[Round "8.18"]
[White "Maiorov, Nikita"]
[Black "Tchantcev, Chaliko"]
[Result "1-0"]
[WhiteElo "2532"]
[BlackElo "2284"]
[PlyCount "89"]
[EventDate "2010.07.13"]
[EventType "swiss"]
[EventRounds "9"]
[EventCountry "GRE"]
[Source "lmi"]
[SourceDate "2010.07.13"]

1. d4 Nf6 2. c4 c5 3. d5 e6 4. Nc3 exd5 5. cxd5 d6 6. g3 g6 7. Bg2 Bg7 8. Nf3
O-O 9. O-O a6 10. a4 Nbd7 11. Bf4 Qe7 12. h3 Rb8 13. Rb1 Nh5 14. Bg5 f6 15. Bd2
f5 16. Qc1 Ne5 17. Bg5 Nf6 18. Nxe5 Qxe5 19. Bf4 Qe7 20. b4 c4 21. b5 Bd7 22.
Qa3 Ne8 23. bxa6 b6 24. Nb5 Be5 25. Qe3 Ra8 26. Na3 Rxa6 27. Nxc4 Bf6 28. Qxe7
Bxe7 29. Rxb6 Rxa4 30. Rc1 g5 31. Rb7 gxf4 32. Rxd7 Rf7 33. gxf4 Ra2 34. Kf1
Bf6 35. Rxf7 Kxf7 36. Bf3 Kg6 37. Ne3 Bd4 38. Rc8 Nf6 39. Nc4 Bc5 40. Rc6 Ne8
41. Ne5+ Kg7 42. Nd7 Bb4 43. Bh5 Nf6 44. Nxf6 Kxf6 45. Rc7 1-0

[Event "2. Rethymno Open"]
[Site "Rethymno GRE"]
[Date "2010.07.19"]
[Round "8.19"]
[White "Pap, Misa"]
[Black "Solberg, Joachim"]
[Result "1-0"]
[WhiteElo "2509"]
[BlackElo "2229"]
[PlyCount "53"]
[EventDate "2010.07.13"]
[EventType "swiss"]
[EventRounds "9"]
[EventCountry "GRE"]
[Source "lmi"]
[SourceDate "2010.07.13"]

1. e4 c5 2. c3 d5 3. exd5 Qxd5 4. d4 Nf6 5. Nf3 e6 6. Be3 Be7 7. Na3 cxd4 8.
Nb5 Qd8 9. Qxd4 Nc6 10. Qxd8+ Kxd8 11. O-O-O+ Bd7 12. Bc4 Ng4 13. Ng5 Nce5 14.
Nxf7+ Nxf7 15. Bxe6 Nfe5 16. Rxd7+ Nxd7 17. Bxg4 a6 18. Rd1 axb5 19. Bb6+ Ke8
20. Bxd7+ Kf7 21. Bxb5 Rhc8 22. a4 Bc5 23. Rd7+ Kf6 24. Rxb7 Bxb6 25. Rxb6+ Ke5
26. Rb7 Rf8 27. f3 1-0

[Event "2. Rethymno Open"]
[Site "Rethymno GRE"]
[Date "2010.07.19"]
[Round "8.20"]
[White "Sulashvili, Malkhaz"]
[Black "Darmarakis, Mihail"]
[Result "1-0"]
[WhiteElo "2498"]
[BlackElo "2207"]
[PlyCount "109"]
[EventDate "2010.07.13"]
[EventType "swiss"]
[EventRounds "9"]
[EventCountry "GRE"]
[Source "lmi"]
[SourceDate "2010.07.13"]

1. d4 d5 2. Nf3 Nf6 3. c4 c6 4. e3 Bf5 5. Nc3 e6 6. Nh4 Be4 7. f3 Bg6 8. Qb3
Qc7 9. g3 Be7 10. Bd2 Nbd7 11. cxd5 Nxd5 12. Nxg6 hxg6 13. O-O-O a5 14. e4 Nxc3
15. Bxc3 a4 16. Qc2 a3 17. b3 O-O 18. Kb1 Rfd8 19. Be2 Rac8 20. Rd2 Qb6 21.
Rhd1 Bb4 22. Bxb4 Qxb4 23. Qc4 Qa5 24. Rd3 b5 25. Qc2 Rc7 26. Qd2 b4 27. Rc1
Rdc8 28. Rc4 Rb7 29. Qc1 c5 30. Rd2 Rbc7 31. Rdc2 e5 32. dxc5 Rxc5 33. Qd2 Rxc4
34. Rxc4 Rxc4 35. Bxc4 Nf8 36. Qe3 Nd7 37. Qd2 Nf8 38. Qd6 Qa7 39. Qxb4 Qg1+
40. Kc2 Qxh2+ 41. Qd2 Qxg3 42. Qe2 Nd7 43. b4 Nb6 44. Kb3 g5 45. Bd3 Qg1 46.
Kxa3 Qd4 47. Kb3 f5 48. Bc4+ Kf8 49. Bb5 g4 50. fxg4 Qg1 51. gxf5 Qb1+ 52. Kc3
Qa1+ 53. Qb2 Qe1+ 54. Qd2 Qa1+ 55. Kb3 1-0

[Event "2. Rethymno Open"]
[Site "Rethymno GRE"]
[Date "2010.07.19"]
[Round "8.21"]
[White "Soors, Stef"]
[Black "Hovhanisian, Mher"]
[Result "1/2-1/2"]
[WhiteElo "2259"]
[BlackElo "2479"]
[PlyCount "85"]
[EventDate "2010.07.13"]
[EventType "swiss"]
[EventRounds "9"]
[EventCountry "GRE"]
[Source "lmi"]
[SourceDate "2010.07.13"]

1. e4 c5 2. c3 d5 3. exd5 Qxd5 4. d4 Nf6 5. Nf3 e6 6. Na3 a6 7. Nc4 Nbd7 8. Ne3
Qd6 9. Be2 Be7 10. a4 O-O 11. a5 b5 12. axb6 Nxb6 13. dxc5 Qxc5 14. O-O Rd8 15.
Nd2 a5 16. Bf3 Ra7 17. Qc2 a4 18. Ne4 Nxe4 19. Bxe4 f5 20. Bf3 Ba6 21. Rd1
Rxd1+ 22. Qxd1 Rd7 23. Qe1 Qe5 24. g3 Bb5 25. Nc2 Qxe1+ 26. Nxe1 e5 27. Be3 Nd5
28. Bxd5+ Rxd5 29. Nf3 Bc6 30. c4 Ra5 31. Bd2 Rc5 32. Be3 Bxf3 33. Bxc5 Bxc5
34. Rxa4 Kf7 35. b4 Bd4 36. c5 g5 37. Ra7+ Ke6 38. Rxh7 f4 39. gxf4 gxf4 40. h4
e4 41. Rh6+ Ke5 42. Rh8 e3 43. Re8+ 1/2-1/2

[Event "2. Rethymno Open"]
[Site "Rethymno GRE"]
[Date "2010.07.19"]
[Round "8.25"]
[White "Herbold, Manfred"]
[Black "Markidis, Konstantinos"]
[Result "1/2-1/2"]
[WhiteElo "2172"]
[BlackElo "2342"]
[PlyCount "85"]
[EventDate "2010.07.13"]
[EventType "swiss"]
[EventRounds "9"]
[EventCountry "GRE"]
[Source "lmi"]
[SourceDate "2010.07.13"]

1. e4 e6 2. d4 d5 3. exd5 exd5 4. Bd3 c5 5. c3 Nf6 6. Ne2 Nc6 7. O-O c4 8. Bc2
Be7 9. Ng3 Bg4 10. f3 Be6 11. Nf5 Bxf5 12. Bxf5 O-O 13. Nd2 b5 14. a3 a5 15.
Re1 Bd6 16. Nf1 Nh5 17. g3 Qc7 18. Qe2 Ne7 19. Bg4 Nf6 20. Bg5 Nxg4 21. Bxe7
Bxe7 22. Qxe7 Qxe7 23. Rxe7 Nf6 24. Ne3 Rfe8 25. Re5 Red8 26. g4 h6 27. h4 Re8
28. Re1 Rad8 29. f4 Kf8 30. Kg2 Re6 31. Kf3 Red6 32. g5 Ng8 33. Nf5 R6d7 34.
gxh6 Nxh6 35. Nxh6 gxh6 36. f5 b4 37. axb4 axb4 38. Kf4 bxc3 39. bxc3 Kg7 40.
Rb1 Kf6 41. Rb6+ Rd6 42. Rb7 R8d7 43. Rb5 1/2-1/2

[Event "2. Rethymno Open"]
[Site "Rethymno GRE"]
[Date "2010.07.19"]
[Round "8.26"]
[White "Martin Alvarez, Inigo"]
[Black "Kleinert, Juergen"]
[Result "1-0"]
[WhiteElo "2321"]
[BlackElo "1992"]
[PlyCount "47"]
[EventDate "2010.07.13"]
[EventType "swiss"]
[EventRounds "9"]
[EventCountry "GRE"]
[Source "lmi"]
[SourceDate "2010.07.13"]

1. e4 b6 2. d4 Bb7 3. Bd3 e6 4. Nf3 c5 5. O-O cxd4 6. Nxd4 g6 7. Nc3 a6 8. f4
Bg7 9. Nf3 Ne7 10. e5 d5 11. exd6 Nc8 12. f5 gxf5 13. Bf4 Nc6 14. Qe1 Nxd6 15.
Kh1 Qe7 16. Nd5 exd5 17. Bxd6 Qxe1 18. Raxe1+ Kd7 19. Bg3 Rae8 20. Bxf5+ Kd8
21. Ng5 Re7 22. Bd6 Ne5 23. Bxe5 f6 24. Bd4 1-0

[Event "2. Rethymno Open"]
[Site "Rethymno GRE"]
[Date "2010.07.19"]
[Round "8.27"]
[White "Valenti, Giuseppe"]
[Black "Bensdorp, Marlies"]
[Result "0-1"]
[WhiteElo "2169"]
[BlackElo "2301"]
[PlyCount "90"]
[EventDate "2010.07.13"]
[EventType "swiss"]
[EventRounds "9"]
[EventCountry "GRE"]
[Source "lmi"]
[SourceDate "2010.07.13"]

1. e4 e6 2. d4 d5 3. Nc3 Nf6 4. Bg5 dxe4 5. Nxe4 Be7 6. Bxf6 Bxf6 7. Nf3 Nd7 8.
Bd3 O-O 9. Nxf6+ Qxf6 10. O-O c5 11. c3 cxd4 12. cxd4 Nb6 13. Rc1 Rd8 14. Qe2
g6 15. a3 Nd5 16. g3 b6 17. Be4 Bb7 18. Ne5 Qe7 19. Rfd1 Rd6 20. Nc4 Ba6 21.
Qe1 Bxc4 22. Rxc4 Rad8 23. Bg2 Qd7 24. Qe5 Qb5 25. Rc2 Qb3 26. Rdc1 f6 27. Qe2
Kf7 28. Qa6 R6d7 29. Rd2 Ne7 30. Rcd1 Rc7 31. Qe2 Rd6 32. Rd3 Qb5 33. Qd2 Kg7
34. g4 a5 35. h4 h6 36. f4 Qa4 37. g5 Nf5 38. gxf6+ Kf7 39. h5 gxh5 40. Qe2 Qb5
41. Qxh5+ Kxf6 42. Rg3 Rg7 43. Rxg7 Kxg7 44. Be4 Rxd4 45. Bxf5 Qxf5 0-1

[Event "2. Rethymno Open"]
[Site "Rethymno GRE"]
[Date "2010.07.19"]
[Round "8.28"]
[White "Royset, Paal"]
[Black "Batsiashvili, Nino"]
[Result "0-1"]
[WhiteElo "2152"]
[BlackElo "2383"]
[PlyCount "120"]
[EventDate "2010.07.13"]
[EventType "swiss"]
[EventRounds "9"]
[EventCountry "GRE"]
[Source "lmi"]
[SourceDate "2010.07.13"]

1. e4 c6 2. d4 d5 3. exd5 cxd5 4. Bd3 Nc6 5. c3 Qc7 6. Ne2 Bg4 7. f3 Bd7 8. Bf4
e5 9. dxe5 Nxe5 10. O-O Bd6 11. Nd4 a6 12. Na3 Ne7 13. Nac2 O-O 14. Ne3 Rfe8
15. Qc2 g6 16. Bg3 Qc5 17. Bf2 Nxd3 18. Qxd3 Qc7 19. h3 Rad8 20. Bh4 Bc8 21.
Ng4 Bxg4 22. fxg4 Rd7 23. Rae1 Rc8 24. Bf6 Nc6 25. Nf5 gxf5 26. Qxf5 Ne7 27.
Qg5+ Ng6 28. h4 Bc5+ 29. Kh1 Qg3 30. h5 Bd6 31. Kg1 Qh2+ 32. Kf2 Qf4+ 33. Qxf4
Nxf4 34. Kf3 Ne6 35. Rd1 Bc5 36. c4 d4 37. Ke4 Be7 38. Kd3 Bxf6 39. Rxf6 Rc5
40. Rf5 Rxf5 41. gxf5 Nc5+ 42. Kd2 Ne4+ 43. Ke2 Ng3+ 44. Kf3 Nxf5 45. Ke4 Ng3+
46. Ke5 Nxh5 47. Rxd4 f6+ 48. Ke4 f5+ 49. Ke5 Rxd4 50. Kxd4 Nf4 51. b4 Nxg2 52.
b5 axb5 53. cxb5 Kf7 54. a4 Ke6 55. Kc5 f4 56. Kb6 f3 57. Kxb7 f2 58. a5 f1=Q
59. b6 Nf4 60. a6 Nd5 0-1